Bruno Mars - Paroles Just the Way You Are - Statistiques

Statistiques générales
  • Ce quiz a été pris 69 fois
  • Le résultat moyen est 243 sur 296
Statistiques - réponses
Hint Réponse % Correct
a
98%
I
98%
the
98%
The
98%
uh
98%
you
98%
You
98%
And
96%
and
96%
are
96%
Just
96%
just
96%
way
96%
your
96%
change
94%
face
94%
see
94%
amazing
93%
smile
93%
when
93%
Refrain When
93%
'Cause
91%
'Cause,
91%
Intro Oh
91%
her
91%
Her
91%
her,
91%
Oh
91%
Couplet 1 Oh,
91%
would
91%
Yeah,
91%
Yeah
91%
you're
91%
eyes,
89%
eyes
89%
then
89%
beautiful,
87%
know,
87%
know
87%
she
87%
so
87%
so,
87%
So
87%
every
85%
not
85%
thing
85%
look
83%
that
83%
day
81%
hair,
81%
hair
81%
tell
81%
for
76%
for,
76%
ask
74%
girl,
74%
Girl,
74%
me
74%
me,
74%
say
74%
She's
74%
There's
74%
while
74%
world
74%
it's
72%
to
72%
make
69%
okay?"
69%
okay
69%
whole
69%
"Do
67%
like
63%
time
63%
what
63%
believe
61%
lips,
61%
lips
61%
all
59%
never
59%
shinin'
59%
stars
59%
tryin'
59%
won't
59%
But
54%
but
54%
kiss
54%
stops
54%
if
52%
If
52%
I'll
52%
don't
50%
sexy
50%
perfectly
48%
asks
46%
could
46%
let
46%
stares
46%
without
46%
they're
44%
compliment
43%
them
43%
falls
39%
think
39%
laugh,
35%
laugh
35%
I'd
33%
searching
33%
hates,
31%
sad
31%
stay
31%
same
30%
perfect's
28%
even
24%
she'd
20%
askin'
19%
bother
19%
Aucun quiz correspondant
Distribution des résultats
% des personnes avec chaque résultat
Percentile par nombre de réponses
Votre historique - résultats
Vous n’avez pas pris ce quiz